| 000 | 00000nam##2200000za#4500 |
| 001 | 9.604611 |
| 003 | CaOODSP |
| 005 | 20210624211709 |
| 007 | cr ||||||||||| |
| 008 | 150406|2004||||xxc|||||o f|0| 0 fre|d |
| 022 | |a1707-4509 |
| 040 | |aCaOODSP|bfre |
| 043 | |an-cn--- |
| 086 | 1 |aFs76-2/2004-003F-PDF |
| 110 | 1 |aCanada. |bMinistère des pêches et des océans. |
| 245 | 10|aConditions chimiques et biologiques de l'océan en 2002 : |h[ressource électronique]|bgolfe du Maine, baie de Fundy, plateau néo-écossais et sud du golfe du Saint-Laurent |
| 260 | |aSt. John's - Terre-Neuve et Labrador : |bPêches et Océans Canada |cDécembre 2004. |
| 300 | |a13p.|bfigures, graphiques, références |
| 490 | 1 |aRapport sur l'état de l'écosystème|x1707-4509|v2004/003, région des maritimes |
| 590 | |a12-36-Supp|b2012-08-22 |
| 775 | 08|t2002 state of the ocean : |w(CaOODSP)9.574897 |
| 830 | #0|aRapport sur l'état de l'écosystème,|x1707-4509|v2004/003, région des maritimes|w(CaOODSP)9.502625 |
| 856 | 40|ahttp://publications.gc.ca|qPDF|s2376 Ko|uhttps://publications.gc.ca/collections/collection_2012/mpo-dfo/Fs76-2-2004-003-fra.pdf|y2004/003, région des maritimes |